01087 2200193 4500001002100000005001500021035002000036008004100056245005500097100002200152250000600174260002800180300001200208084001400220082000800234650001000242520062900252990001200881INLIS00000000000102920240527022905 a0010-0524000264240527 1 ind 1 aTubuh Renta Ini Siap Menjagamu /cEidelweis Almira aAlmira, Eidelweis a1 aJakarta :bZettu,c2014 a188 hlm a813 EID t a813 4aFiksi aAku selalu mendambakan kehadirannya. Sebab cinta kasihnya melebihi siapa pun. Mereka tempatku bertumpu dengan segala resah dan segenap gelisah. Mereka pun tak segan mencurahkan seluruh kasih sayangnya untukku tanpa lelah, tanpa pamrih, hingga kapan pun. Jutaan cium dan peluk serta kemanjaan akan tulus mereka berikan untukku sebagai penerus kebaikan, pewaris sekian wejangannya.Hati mereka akan sepi, hidup mereka akan terasa begitu sunyi saat jauh dari riuh suara dan gandengan tangan kecilku. Mereka takkan pernah membiarkanku tersakiti, dan akan selalu siap menjagaku dengan tubuh rentanya hingga napas terhenti terhela. a0744007